LEADER 01186nam a2200313 i 4500 001 991001293039707536 005 20020507190759.0 008 970723s1990 us ||| | eng 020 $a0387972110 035 $ab10827353-39ule_inst 035 $aLE01310044$9ExL 040 $aDip.to Matematica$beng 082 0 $a519.536 084 $aAMS 62J 084 $aQA278.2.S46 100 1 $aSen, Ashish K.$060645 245 10$aRegression analysis :$btheory, methods and applications /$cAshish Sen, Muni Srivastava 260 $aNew York :$bSpringer-Verlag,$cc1990 300 $aix, 347 p. :$bill. ;$c24 cm. + disc. 490 0 $aSpringer texts in statistics 500 $aIncludes bibliographical references (p. [327]-335) and indexes 650 4$aRegression analysis 700 1 $aSrivastava, Muni S.$eauthor$4http://id.loc.gov/vocabulary/relators/aut$0736497 907 $a.b10827353$b23-02-17$c28-06-02 912 $a991001293039707536 945 $aLE013 62J SEN11 (1990)$g1$i2013000087726$lle013$o-$pE0.00$q-$rl$s- $t0$u0$v0$w0$x0$y.i10935320$z28-06-02 996 $aRegression analysis$91455950 997 $aUNISALENTO 998 $ale013$b01-01-97$cm$da $e-$feng$gus $h0$i1 LEADER 01265nas 2200433 c 450 001 9910890988303321 005 20260218110412.0 035 $a(CKB)1000000000221266 035 $a(OCoLC)163632245 035 $a(DE-101)026767961 035 $a(DE-599)ZDB2169356-0 035 $a(DE-599)2169356-0 035 $a(EXLCZ)991000000000221266 100 $a20041126b18241848 |y | 101 0 $ager 135 $aurm|#001aaaba 181 $ctxt$2rdacontent 182 $cc$2rdamedia 183 $acr$2rdacarrier 200 00$aCaecilia $eeine Zeitschrift für die musikalische Welt$fhrsg. von einem Verein von Gelehrten, Kunstverständigen und Künstlern 210 31$aMainz [u.a.]$cSchott$d1824-1848 215 $aOnline-Ressource 311 08$a1614-2063 517 $aCacilia 517 $aCaecilia 517 $aCaecilia 606 $aMusik$3(DE-588)4040802-4$3https://d-nb.info/gnd/4040802-4$3(DE-101)040408027$2gnd 608 $aZeitschrift$2gnd-content 608 $aZeitschrift$2gnd 608 $aOnline-Publikation$2gnd 615 7$aMusik. 676 $a780 801 0$b0007 801 1$bDE-101 801 2$b9999 906 $aJOURNAL 912 $a9910890988303321 996 $aCaecilia$94243978 997 $aUNINA